Cliquez sur le bon James Bond - Statistiques

Statistiques générales
  • Ce quiz a été pris 11 940 fois
  • Le résultat moyen est 9 sur 20
Statistiques - réponses
Hint Réponse % Correct
Skyfall
79%
Casino Royale
72%
Quantum of Solace
63%
Mourir peut attendre
58%
James Bond 007 contre Dr. No
54%
Goldfinger
44%
Bons baisers de Russie
43%
GoldenEye
43%
Meurs un autre jour
42%
Demain ne meurt jamais
42%
Le monde ne suffit pas
41%
Moonraker
38%
Dangereusement vôtre
36%
Opération Tonnerre
35%
Au service secret de Sa Majesté
31%
L'Espion qui m'aimait
31%
L'Homme au pistolet d'or
29%
Tuer n'est pas jouer
28%
On ne vit que deux fois
27%
Permis de tuer
27%
Aucun quiz correspondant
Distribution des résultats
% des personnes avec chaque résultat
Percentile par nombre de réponses
Votre historique - résultats
Vous n’avez pas pris ce quiz